Responsible reporting? Libya in the western press

Spremljeno u:
Bibliografski detalji
Glavni autor: Abbas, Zainab
Daljnji autori: Hyman, Nicholas
Format: Knjiga
Jezik:engleski
Izdano: Jersey (UK) Highclere Limited
Oznake: Dodaj oznaku
Bez oznaka, Budi prvi tko označuje ovaj zapis!

MARC

LEADER 00000nam a2200000 4500
005 20241106195030.0
008 241106b |||||||| |||| 00| 0 eng d
040 |c GP 
100 |a Abbas, Zainab 
245 |a Responsible reporting?  |b Libya in the western press 
260 |a Jersey (UK)  |b Highclere Limited 
700 |a Hyman, Nicholas 
942 |2 ddc  |c BK  |n 0 
952 |0 0  |1 0  |2 ddc  |4 0  |6 810_909000000000000_ABB  |7 1  |9 2179  |a RM  |b RM  |d 2024-11-06  |l 0  |o 810.909 ABB  |p 568  |r 2024-11-06 19:50:49  |w 2024-11-06  |y BK 
999 |c 1919  |d 1919